000 01168nam a2200277 i 4500
001 12782
003 ES-MaACL
005 20230906150410.0
007 t|
008 900914s1988 sp |||| | spa d
020 _a84-00-06901-3
080 _a262.45(599.17)"15"
110 1 _aManila (Archidiócesis).
_bSínodo (1582)
_95642
245 1 0 _aSínodo de Manila de 1582 /
_cDomingo de Salazar ; estudio introductorio, glosa y transcripción de los textos sinodales por José Luis Porras Camúñez.
260 _aMadrid :
_bCentro de Estudios Históricos del Consejo Superior de Investigaciones Científicas,
_c1988.
300 _a408 p. ;
_c25 cm.
490 1 _aColección Tierra nueva e cielo nuevo ;
_v27.
_aSínodos americanos
610 1 _aManila (Archidiócesis).
_bSínodo (1582)
_95642
651 4 _aFilipinas-
_xHistoria eclesiástica.
_98661
700 1 _aSalazar, Domingo de.
_9101805
700 1 _aPorras Camúñez, José Luis.
_993150
710 2 _aCentro de Estudios Históricos (1985-1999)
_92639
830 0 _aColección Tierra nueva e cielo nuevo ;
_v27.
_aSínodos americanos
_9179373
852 _aES-MaACL
_jL-19982
999 _c12782
_d12782